00579nam a2200205Ia 4500008004100000020001800041050001600059050001800075245003600093245004400129245005400173260001700227260002000244260000900264300001600273300002000289300001100309650002600320650002700346160303s9999 xx 000 0 und d a971-584-355-7 aFIL PL 6051 b.S55 2003 c.1 aSikolohiya ng wikang Filipino : bmga simulain, pamamaraan at nilalaman / cedited by Lilia F. Antonio, Ligaya Tiamson-Rubin. aQuezon City: bC & E Pub.Inc., c2003 a254 pages : billustrations ; c22 cm. aFilipino language --  xPsychological aspects.